Príspevky hradené zamestnávateľom do fondov sociálneho poistenia a ich zverejnenie podľa IFRS
V súvislosti so zostavovaním a auditom účtovnej závierky podľa IFRS je okrem iných nutné aplikovať IAS 19 Zamestnanecké pôžitky (Employee benefits), ktorý obsahuje účtovné pravidlá upravujúce účtovné zachytenie a ocenenie rôznych foriem odmeňovania zamestnancov vo finančných výkazoch a súvisiace pož...
Salvato in:
| Autore principale: | |
|---|---|
| Altri autori: | |
| Natura: | Capitolo di libro |
| Lingua: | slovacco |
| Soggetti: | |
| Tags: |
Nessun Tag, puoi essere il primo ad aggiungerne!!
|
MARC
| LEADER | 00000naa$a2200000$$$4500 | ||
|---|---|---|---|
| 001 | 0083426 | ||
| 005 | 20240502071934.2 | ||
| 041 | 0 | |a slo | |
| 044 | |a SK | ||
| 245 | 1 | 0 | |a Príspevky hradené zamestnávateľom do fondov sociálneho poistenia a ich zverejnenie podľa IFRS |c Daša Mokošová, Libor Vašek |
| 520 | |a V súvislosti so zostavovaním a auditom účtovnej závierky podľa IFRS je okrem iných nutné aplikovať IAS 19 Zamestnanecké pôžitky (Employee benefits), ktorý obsahuje účtovné pravidlá upravujúce účtovné zachytenie a ocenenie rôznych foriem odmeňovania zamestnancov vo finančných výkazoch a súvisiace požiadavky na zverejnenie v komentároch k finančných výkazom. | ||
| 610 | 2 | 0 | |a štandardy účtovné medzinárodné |
| 610 | 2 | 0 | |a poistenie sociálne |
| 610 | 2 | 0 | |a výkazy finančné |
| 610 | 2 | 0 | |a normy medzinárodné |
| 610 | 2 | 0 | |a pravidlá účtovné |
| 610 | 2 | 0 | |a harmonizácia |
| 610 | 2 | 0 | |a zamestnávatelia |
| 610 | 2 | 0 | |a Slovensko |
| 610 | 2 | 0 | |a Európska únia |
| 100 | 1 | |a Mokošová, Daša, 1979- | |
| 700 | 1 | |a Vašek, Libor | |